00526nam a2200193 a 4500001001300000003000900013005001700022008004100039020001000080082001700090100002300107245004800130260004400178300000800222500003500230505001000265650003400275700002300309nice12345678IN_TiNIC20260116011339.0050524s1968 hyda grp 000 0 urd  ac0.500a891.41bREH2 aRehani, S S Hanson aNawa-E-Azalb Collection of Christian Poems aHyderabadbHenry Martyn Institutec1968 a40p aincludes index and biblioraphy2 aIndex aReligious Poetry-Christianity1 aRehani, S S Hanson